<?xml version="1.0" encoding="UTF-8"?>
<record
    xmlns:xsi="http://www.w3.org/2001/XMLSchema-instance"
    xsi:schemaLocation="http://www.loc.gov/MARC21/slim http://www.loc.gov/standards/marcxml/schema/MARC21slim.xsd"
    xmlns="http://www.loc.gov/MARC21/slim">

  <leader>00807nam0a22002411  4500</leader>
  <controlfield tag="001">v19\rc\1235079</controlfield>
  <controlfield tag="005">20250617231014.0</controlfield>
  <datafield tag="035" ind1=" " ind2=" ">
    <subfield code="a">(NLR Aleph) 004394746</subfield>
  </datafield>
  <datafield tag="090" ind1=" " ind2=" ">
    <subfield code="a">3799691</subfield>
    <subfield code="c">3799691</subfield>
  </datafield>
  <datafield tag="100" ind1=" " ind2=" ">
    <subfield code="a">20060306g18831886|||y0rusy50      ca</subfield>
  </datafield>
  <datafield tag="101" ind1="0" ind2=" ">
    <subfield code="a">rus</subfield>
  </datafield>
  <datafield tag="102" ind1=" " ind2=" ">
    <subfield code="a">RU</subfield>
  </datafield>
  <datafield tag="105" ind1=" " ind2=" ">
    <subfield code="a">y   z   |||||</subfield>
  </datafield>
  <datafield tag="200" ind1="1" ind2=" ">
    <subfield code="a">&#x420;&#x430;&#x434;&#x443;&#x433;&#x430;</subfield>
    <subfield code="e">&#x41F;&#x440;&#x438;&#x431;&#x430;&#x432;&#x43B;&#x435;&#x43D;&#x438;&#x435; &#x43C;&#x43E;&#x434; &#x43A; &#x436;&#x443;&#x440;&#x43D;. "&#x420;&#x430;&#x434;&#x443;&#x433;&#x430;"</subfield>
  </datafield>
  <datafield tag="210" ind1=" " ind2=" ">
    <subfield code="a">&#x41C;&#x43E;&#x441;&#x43A;&#x432;&#x430;</subfield>
    <subfield code="d">1883-1886</subfield>
  </datafield>
  <datafield tag="316" ind1=" " ind2=" ">
    <subfield code="a">&#x42D;&#x43A;&#x437;. &#x420;&#x41D;&#x411; (3/2242&#x43D;): &#x43F;&#x440;&#x438;&#x43F;&#x43B;&#x435;&#x442;&#x435;&#x43D;&#x43E; &#x43A; &#x436;&#x443;&#x440;&#x43D;.... &#x437;&#x430; &#x441;&#x43E;&#x43E;&#x442;&#x432;&#x435;&#x442;&#x441;&#x442;&#x432;&#x443;&#x44E;&#x449;&#x438;&#x435; &#x433;&#x43E;&#x434;&#x44B;</subfield>
    <subfield code="5">NLR: 3/2242&#x43D;</subfield>
  </datafield>
  <datafield tag="422" ind1=" " ind2="0">
    <subfield code="1">2001#$a&#x420;&#x430;&#x434;&#x443;&#x433;&#x430;</subfield>
    <subfield code="t">&#x420;&#x430;&#x434;&#x443;&#x433;&#x430;</subfield>
  </datafield>
  <datafield tag="482" ind1=" " ind2="0">
    <subfield code="1">2001#$a&#x420;&#x430;&#x434;&#x443;&#x433;&#x430;$e&#x416;&#x443;&#x440;&#x43D;.$v1883-1886</subfield>
    <subfield code="t">&#x420;&#x430;&#x434;&#x443;&#x433;&#x430;</subfield>
  </datafield>
  <datafield tag="801" ind1=" " ind2="0">
    <subfield code="a">RU</subfield>
    <subfield code="b">NLR</subfield>
    <subfield code="g">psbo</subfield>
  </datafield>
  <datafield tag="801" ind1=" " ind2="1">
    <subfield code="a">RU</subfield>
    <subfield code="b">ProSoft-M</subfield>
    <subfield code="2">rusmarc</subfield>
  </datafield>
  <datafield tag="852" ind1=" " ind2=" ">
    <subfield code="a">NLR</subfield>
    <subfield code="j">3/2242&#x43D;</subfield>
  </datafield>
  <datafield tag="942" ind1=" " ind2=" ">
    <subfield code="c">BOOK</subfield>
  </datafield>
  <datafield tag="980" ind1=" " ind2=" ">
    <subfield code="a">NB</subfield>
  </datafield>
  <datafield tag="995" ind1=" " ind2=" ">
    <subfield code="5">2013-10-26</subfield>
    <subfield code="b">NLR01</subfield>
    <subfield code="c">NLR01</subfield>
    <subfield code="e">RJFS</subfield>
    <subfield code="f">4394746-10</subfield>
    <subfield code="k">3/2242&#x43D;</subfield>
    <subfield code="o">0</subfield>
    <subfield code="r">BOOK</subfield>
    <subfield code="s">32242_</subfield>
  </datafield>
</record>
